01161nam a2200193Ia 4500001001100000003001000011008004100021040002500062041001300087100002300100245004600123250001100169260009200180300002700272500026000299501011400559520026000673650003400933L240-12326IT-CnALBA170116s9999||||xx |||||||||||||| ||und|| aIT-CnALBAcIT-CnALBA aITALIANO aCAPORALE BENEDETTO 0aI FANCIULLI AI PIEDI DEL MAESTRO DIVINO.  a1a ed. aCINISELLO BALSAMO (MI)bEDIZIONI PAOLINEc1953 [1° Ed.:1953 - Ed.Ling.Originale: 1953] a153 p. (prefazione: 5) aIDEALI. SEMINA. L'UOMO NEMICO NELLA NOTTE. TATTICA DIVINA. PERLA PREZIOSA. RETE DA PESCA. MANCANZA DI OPERAI PER IL REGNO. NUOVO E VECCHIO. OPERAI DELLA VIGNA. I DUE FRATELLI. NOZZE DEL PRINCIPE. SERVI DEBITORI. SAMARITANO PIETOSO. RICCO SENZA CUORE. PAPA aSocietà San Paolo EM - Piazza San Paolo, 14 - 12051 ALBA (CN) (non commercial uses only) ® Copyright 2017 aIDEALI. SEMINA. L'UOMO NEMICO NELLA NOTTE. TATTICA DIVINA. PERLA PREZIOSA. RETE DA PESCA. MANCANZA DI OPERAI PER IL REGNO. NUOVO E VECCHIO. OPERAI DELLA VIGNA. I DUE FRATELLI. NOZZE DEL PRINCIPE. SERVI DEBITORI. SAMARITANO PIETOSO. RICCO SENZA CUORE. PAPA aTEOLOGIA SPIRITUALE CRISTIANA